La riforma del processo per separazione e divorzio

Detalles Bibliográficos
Autor principal: Cecchella, Claudio
Autor Corporativo: Universit ̀di Pisa
Formato: Desconocido
Lenguaje:italiano
Publicado: Italia : Edizioni Plus : Universit ̀di Pisa, 2007
Materias:
Acceso en línea:Acceso restringido

MARC

LEADER 00000ny a22000003n 4500
005 2011062100150.0
008 091215s2007 it 000 0 ita d
020 |a 9788884924841 
035 |a 4760 
040 |a BUS  |d vLex 
090 |c 947  |d 947 
100 1 |a Cecchella, Claudio  
245 1 3 |a La riforma del processo per separazione e divorzio  |h [Recurso electrn̤ico]  |c Claudio Cecchella  
256 |a Servicio en ln̕ea 
260 |a Italia :  |b Edizioni Plus :  |b Universit ̀di Pisa,  |c 2007 
300 |a p. ;  |c cm 
506 1 |a Contenido solo disponible en los productos indicados  |d vLex Global  |d vLex Global (Academic Edition, excluding Law Schools)  |d vLex Global (U.S. Academic Edition, Law Schools)  |d vLex Global (U.S. Academic Edition, excluding Law Schools)  |d vLex Global (Academic Edition, Law Schools) 
650 0 4 |a Separacin̤ de cuerpos 
710 2 |a Universit ̀di Pisa 
740 0 |a vLex Libros (Servicios en ln̕ea) 
856 4 0 |u http://vlex.com/source/4760  |z Acceso restringido 
942 |c BOOK